Wszyscy aktorzy nominowani do Oskara w 21 wieku - Statystyki

Ogólne statystyki
  • Ten quiz został rozwiązany 435 razy
    43 od ostatniego zresetowania
  • Średni wynik to 47 z 166
Statystyki odpowiedzi
Liczba nominacji Aktor % Poprawnych
6 Leonardo DiCaprio
100%
3 Brad Pitt
84%
3 Will Smith
80%
2 Morgan Freeman
76%
2 Tom Hanks
76%
6 Denzel Washington
72%
1 Al Pacino
68%
2 Casey Affleck
64%
2 Robert Downey Jr
64%
3 Timothee Chalamet
64%
2 Adrien Brody
60%
2 Anthony Hopkins
56%
4 Christian Bale
56%
1 Cillian Murphy
56%
2 Heath Ledger
56%
1 Jack Nicholson
56%
3 Johnny Depp
56%
1 Colin Farrell
52%
4 Daniel Day-Lewis
52%
1 Eddie Murphy
52%
2 Matt Damon
52%
2 Robert De Niro
52%
1 Tom Cruise
52%
2 Colin Firth
48%
3 Ryan Gosling
48%
1 Sylvester Stallone
48%
4 George Clooney
44%
1 Jake Gyllenhaal
44%
1 Matthew McConaughey
44%
1 Michael B. Jordan
44%
3 Russell Crowe
44%
1 Tom Hardy
44%
3 Viggo Mortensen
44%
2 Andrew Garfield
40%
5 Bradley Cooper
40%
1 Chris Cooper
40%
1 Clint Eastwood
40%
2 Edward Norton
40%
3 Gary Oldman
40%
2 Geoffrey Rush
40%
1 Hugh Jackman
40%
4 Joaquin Phoenix
40%
2 Jude Law
40%
1 Kevin Spacey
40%
1 Antonio Banderas
36%
2 Benedict Cumberbatch
36%
4 Javier Bardem
36%
1 Joe Pesci
36%
4 Mark Ruffalo
36%
1 Mark Wahlberg
36%
2 Michael Fassbender
36%
1 Michael Keaton
36%
1 Nicolas Cage
36%
4 Philip Seymour Hoffman
36%
1 Ralph Fiennes
36%
1 Rami Malek
36%
5 Sean Penn
36%
1 Tim Robbins
36%
2 Christoph Waltz
32%
2 Eddie Redmayne
32%
3 Ethan Hawke
32%
2 Jamie Foxx
32%
1 Jared Leto
32%
2 Mahershala Ali
32%
1 Richard E Grant
32%
1 Stellan Skarsgard
32%
3 Willem Dafoe
32%
3 Benicio del Toro
28%
1 Bill Murray
28%
1 Brendan Fraser
28%
1 Ian McKellen
28%
1 James Franco
28%
1 Jean Dujardin
28%
4 Jeff Bridges
28%
1 Jesse Eisenberg
28%
2 Michael Caine
28%
2 Tommy Lee Jones
28%
2 Woody Harrelson
28%
2 Adam Driver
24%
1 Chadwick Boseman
24%
1 Christopher Walken
24%
1 Forest Whitaker
24%
1 Haley Joel Osment
24%
1 Jacob Elordi
24%
1 Kieran Culkin
24%
1 Michael Clarke Duncan
24%
1 Paul Newman
24%
1 Robert Duvall
24%
1 Sacha Baron Cohen
24%
2 Sam Rockwell
24%
1 Wagner Moura
24%
1 Alec Baldwin
20%
3 Christopher Plummer
20%
2 Colman Domingo
20%
2 Jonah Hill
20%
1 Jon Voight
20%
1 Josh Brolin
20%
1 Sebastian Stan
20%
1 Steve Carell
20%
1 Steven Yeun
20%
2 Alan Arkin
16%
1 Austin Butler
16%
1 Brendan Gleeson
16%
1 Bryan Cranston
16%
1 Clive Owen
16%
2 Daniel Kaluuya
16%
2 Djimon Hounsou
16%
1 Don Cheadle
16%
1 Guy Pearce
16%
1 Jeffrey Wright
16%
2 Jeremy Renner
16%
1 Jesse Plemons
16%
2 J.K. Simmons
16%
1 Jonathan Pryce
16%
1 Kenneth Branagh
16%
1 Mark Rylance
16%
2 Paul Giamatti
16%
1 Paul Mescal
16%
1 Peter O'Toole
16%
1 Stanley Tucci
16%
1 William Hurt
16%
1 Yura Borisov
16%
1 Barry Keoghan
12%
2 Ben Kingsley
12%
1 Bill Nighy
12%
2 Ed Harris
12%
1 Jeremy Strong
12%
1 Jim Broadbent
12%
1 John C Reilly
12%
1 Ke Huy Quan
12%
1 Ken Watanabe
12%
1 Matt Dillon
12%
2 Michael Shannon
12%
1 Riz Ahmed
12%
1 Troy Kotsur
12%
1 Alan Alda
8%
1 Barkhad Abdi
8%
1 Brian Tyree Henry
8%
1 Bruce Dern
8%
1 Chiwetel Ejiofor
8%
1 Ciaran Hinds
8%
1 David Strathairn
8%
1 Delroy Lindo
8%
1 Dev Patel
8%
1 Frank Langella
8%
1 Hal Holbrook
8%
1 Judd Hirsch
8%
1 Kodi Smit-McPhee
8%
1 Lucas Hedges
8%
1 Max von Sydow
8%
1 Mickey Rourke
8%
1 Nick Nolte
8%
2 Richard Jenkins
8%
1 Sam Elliott
8%
1 Sterling K. Brown
8%
1 Terrence Howard
8%
1 Thomas Haden Church
8%
2 Tom Wilkinson
8%
1 Albert Finney
4%
1 Demian Bichir
4%
1 Jackie Earle Haley
4%
1 John Hawkes
4%
1 Lakeith Stanfield
4%
1 Leslie Odom Jr
4%
1 Paul Raci
4%
1 Richard Farnsworth
4%
Nie znaleziono quizów pasujących do podanych kryteriów
Rozkład punktacji
Procent ludzi z każdym wynikiem
Percentyl według liczby udzielonych odpowiedzi
Twoja historia wyników
Nie rozwiązałeś tego quizu od ostatniego zresetowania